Normal view
MARC view
- Nietzsche, Friedrich Wilhelm,
Entry Nombre Personal
001 - NUMERO DE CONTROL
- campo de control: 7380
003 - IDENTIFICADOR DE NUMERO DE CONTROL
- campo de control: MX-MxUPN
005 - FECHA Y HORA DE LA ÜLTIMA TRANSACCIÓN
- campo de control: 20230522183953.0
008 - DATOS DE LONGITUD FIJA
- campo de control de longitud fija: 230522nn fcannbabn n a|a |d
035 ## - NUMERO DE CONTROL
- Número de control: UPN10000007384
040 ## - FUENTE DE CATALOGACIÓN
- Lenguaje de catalogación: spa
- Agencia original de catalogación: MX-MxUPN
053 #4 - NÚMERO DE CLASIFICACIÓN LC
- Número de clasificación elemento-número único o número inicial de tramo: B3317
100 1# - ENCABEZAMIENTO - NOMBRE PERSONAL
- Nombre personal: Nietzsche, Friedrich Wilhelm,
- Fechas asociadas con el nombre: 1844-1900
- Subdivisión temática general : Crítica e interpretación
670 ## - FUENTE EN LA QUE SE LOCALIZARON DATOS
- Cita de la fuente: T/P
- Información localizada: Salvat universal
902 ## - CATALOGADOR
- Catalogador: MCM/120399
